LEADER 01118nam0-2200325 --450 001 9910312054303321 005 20190319133535.0 010 $a978-88-6812-728-2 020 $aIT$b2017-2149 100 $a20190319d2016----kmuy0itay5050 ba 101 0 $aeng 102 $aIT 105 $a 001yy 200 1 $aDecline of the Soviet Union$eeconomic and political reasons for the dissolution of an empire$econsequences of a new political and economic order$fNeno Gabelia$ga cura di Roberto Pasca di Magliano 210 $aRoma$cNuova cultura$d2016 215 $a141 p.$d24 cm 225 1 $aSviluppo, innovazione e governance$v6 300 $aIn copertina: Fondazione Roma Sapienza 300 $aA pagina IV di copertina: eBook disponibile 610 0 $aUnione Sovietica$a1978-1991 676 $a947.0854$v23$zita 700 1$aGabelia,$bNeno$0762359 702 1$aPasca di Magliano,$bRoberto 801 0$aIT$bUNINA$gREICAT$2UNIMARC 901 $aBK 912 $a9910312054303321 952 $aVI C 1148$b81/2019$fFSPBC 959 $aFSPBC 996 $aDecline of the Soviet Union$91545356 997 $aUNINA LEADER 03824nam 22006135 450 001 9911040910303321 005 20251111120422.0 010 $a981-9695-13-9 024 7 $a10.1007/978-981-96-9513-3 035 $a(CKB)42609573300041 035 $a(DE-He213)978-981-96-9513-3 035 $a(MiAaPQ)EBC32408456 035 $a(Au-PeEL)EBL32408456 035 $a(OCoLC)1569920164 035 $a(EXLCZ)9942609573300041 100 $a20251111d2025 u| 0 101 0 $aeng 135 $aur||||||||||| 181 $ctxt$2rdacontent 182 $cc$2rdamedia 183 $acr$2rdacarrier 200 10$aAdvanced Materials and Innovative Processing $eSelect Proceedings of ASMP 2024 /$fedited by R. Gnanamoorthy, M. Kamaraj, Samiksha Moharana, Yukio Miyashita 205 $a1st ed. 2025. 210 1$aSingapore :$cSpringer Nature Singapore :$cImprint: Springer,$d2025. 215 $a1 online resource (XII, 448 p. 289 illus., 253 illus. in color.) 225 1 $aSpringer Proceedings in Materials,$x2662-317X ;$v84 311 08$a981-9695-12-0 327 $aAdvanced Materials and Applications -- Processing and fabrication -- Material Characterisation and Properties -- Damage assessment and quantification -- Surface Engineering -- Smart and digital manufacturing -- Sustainable Materials Processing and Properties -- Modeling, Analysis and Simulation in Materials and Processing. 330 $aThis book presents select proceedings of the 7th Asian Symposium on Materials and Processing (ASMP 2024). The collection covers and responds to the immediate need for new, innovative and advanced materials and processing methods to optimize global needs and go well with sustainable development goals. The book represents various topics such as metals, ceramics, polymers and especially sustainable material processing and characterization. It showcases the remarkable potential of these materials in biomedical and healthcare, various industries ranging from automotive, aerospace, defence, building construction, marine electronics and communications, energy storage/harvesting, heavy equipment, machinery and goods and semiconductor materials. In addition to the material, this is brief about the innovative processing techniques such as small and digital manufacturing, additive manufacturing, and advanced coating process. Also, it focuses on the direction of numerical modelling and simulation of complex material modelling to analyse the properties and behaviour during and after fabrication. This book is a valuable resource for researchers, postgraduate students, and professionals interested in staying at the forefront of multifunctional advanced materials and their processing. . 410 0$aSpringer Proceedings in Materials,$x2662-317X ;$v84 606 $aBuilding materials 606 $aNanotechnology 606 $aMaterials$xAnalysis 606 $aStructural Materials 606 $aNanoscale Design, Synthesis and Processing 606 $aMaterials Characterization Technique 615 0$aBuilding materials. 615 0$aNanotechnology. 615 0$aMaterials$xAnalysis. 615 14$aStructural Materials. 615 24$aNanoscale Design, Synthesis and Processing. 615 24$aMaterials Characterization Technique. 676 $a620.1 702 $aGnanamoorthy$b R$4edt$4http://id.loc.gov/vocabulary/relators/edt 702 $aKamaraj$b M$4edt$4http://id.loc.gov/vocabulary/relators/edt 702 $aMoharana$b Samiksha$4edt$4http://id.loc.gov/vocabulary/relators/edt 702 $aMiyashita$b Yukio$4edt$4http://id.loc.gov/vocabulary/relators/edt 801 0$bMiAaPQ 801 1$bMiAaPQ 801 2$bMiAaPQ 906 $aBOOK 912 $a9911040910303321 996 $aAdvanced Materials and Innovative Processing$94456085 997 $aUNINA